NRW nach Buchstabe - A - Statistiken

Allgemein
  • Dieses Quiz wurde 83 mal gespielt
  • Das Durchschnittsergebnis liegt bei 12 aus 20
Antwortstatistiken
Hinweis Antwort % Korrekt
Stadt im Landeswesten mit Kaiserdom, Heimat der Printen Aachen
97%
Discounterkette, die in Essen gegründet wurde Aldi
91%
Fluss der in Blankenheim in der Eifel quellt, aber größtenteils durch Rheinland-Pfalz in den Rhein fließt, Flutkatastrophe 2021 Ahr
89%
Ruf der Kölner Karnevalisten Alaaf
86%
Ehemaliger Oberbürgermeister von Köln und erster Bundeskanzler Konrad Adenauer
86%
Größter Fußballverein aus Bielefeld Arminia
81%
Verein aus obiger Stadt, welcher im Tivoli spielt Alemannia
71%
Alkoholische Spezialität vom Niederrhein (Diebels, Bolten, Füchschen etc.) Altbier
71%
Höchster Berg NRWs im Sauerland? Kahler: ... Asten
69%
Die erste Straße dieser Art war zwischen Köln und Bonn, Album und Lied der Düsseldorfer Band Kraftwerk Autobahn
63%
Sitz des Regierungsbezirks von Südwestfalen im Sauerland an der Ruhr Arnsberg
60%
Stadion, in dem obiger Verein spielt Alm
57%
Zigarre rauchender ehemaliger Manager von Schalke 04 Rudi Assauer
54%
Stausee in Münster, beliebtes Freizeitziel Aasee
50%
Stadt im westlichen Münsterland mit Wasserschloss und Atommüll-Zwischenlager Ahaus
37%
Sauerlandstadt mit bekannter Burg an der Lenne Altena
33%
Stadt am Biggesee im Sauerland mit Atta-Höhle (meistbesuchteste Höhle Deutschlands) Attendorn
30%
Gehört neben Blutwurst und Kartoffelstampf in Himmel und Ähd Apfelmus
27%
Fluss, welcher von Meinerzhagen über Engelskirchen und Overrath in Troisdorf in die Sieg fließt Agger
11%
Gebirgszug zwischen Dortmund und der Ruhr Ardey
10%
Keine übereinstimmenden Quizze gefunden
Verteilung der Resultate
Anzahl Personen mit jedem Resultat
Perzentil nach korrekt beantworteten Fragen
Ihre Resultats-Entwicklung
Sie haben dieses Quiz noch nicht gespielt